000 00262nam a22001097a 4500
008 170124b xxu||||| |||| 00| 0 eng d
020 _a9780781797863
041 _aeng
080 _a618.2
245 _aCLINICAL MEDICAL ASSISTING
_cKRONENBERGER, J
942 _2udc
_cBK
999 _c3518
_d3518